[Event "GBR-ch75"]
[Site "Blackpool"]
[Date "1988.08.04"]
[Round "4.5"]
[White "Lane, Gary William"]
[Black "Anand, Viswanathan"]
[Result "0-1"]
[WhiteElo "2410"]
[BlackElo "2555"]
[PlyCount "78"]
[EventDate "1988.08.01"]
[EventType "swiss"]
[EventRounds "11"]
[EventCountry "GBR"]
[SourceTitle "BritBase12Sep20"]
[Source "John Saunders"]
[SourceDate "2020.09.12"]
[SourceVersion "1"]
[SourceVersionDate "2020.09.12"]
[SourceQuality "1"]

1. e4 e5 2. Nf3 Nc6 3. Bc4 Bc5 4. c3 Nf6 5. d3 d6 6. O-O a6 7. Nbd2 O-O 8. Bb3
Ba7 9. h3 Kh8 10. Re1 Nh5 11. Nf1 Qf6 12. Be3 Nf4 13. d4 Ne7 14. Kh2 Neg6 15.
Ng1 Ne6 16. Ne2 Ngf4 17. Nfg3 exd4 18. cxd4 Nxe2 19. Nxe2 c5 20. d5 Nd4 21.
Bxd4 cxd4 22. f4 Bd7 23. Qd2 Rfe8 24. Bc2 Rac8 25. Rad1 Qh6 26. Ng1 Bg4 27. Rc1
f5 28. exf5 Re3 29. g3 Rce8 30. Kg2 Bh5 31. Rxe3 dxe3 32. Qc3 Bf7 33. Bb3 Qh5
34. g4 Qh4 35. Qe1 Qf6 36. Qe2 Qd4 37. Qc4 Qxb2+ 38. Rc2 Qa1 39. Ne2 Qe1 0-1

[Event "GBR-ch75"]
[Site "Blackpool"]
[Date "1988.08.04"]
[Round "4.6"]
[White "Rogers, Ian"]
[Black "Howell, James C"]
[Result "1/2-1/2"]
[WhiteElo "2535"]
[BlackElo "2420"]
[PlyCount "49"]
[EventDate "1988.08.01"]
[EventType "swiss"]
[EventRounds "11"]
[EventCountry "GBR"]
[SourceTitle "BritBase12Sep20"]
[Source "John Saunders"]
[SourceDate "2020.09.12"]
[SourceVersion "1"]
[SourceVersionDate "2020.09.12"]
[SourceQuality "1"]

1. e4 e5 2. Nf3 Nc6 3. Bb5 a6 4. Ba4 Nf6 5. O-O Be7 6. Re1 b5 7. Bb3 O-O 8. c3
d6 9. h3 Na5 10. Bc2 c5 11. d4 Qc7 12. b3 cxd4 13. cxd4 Nc6 14. Bb2 Nb4 15. Na3
Nxc2 16. Nxc2 Bb7 17. Qd3 d5 18. Nxe5 dxe4 19. Qe2 Nd5 20. Rec1 f6 21. Ne3 Qd8
22. Nc6 Bxc6 23. Rxc6 f5 24. Nxd5 Qxd5 25. Rac1 1/2-1/2

[Event "GBR-ch75"]
[Site "Blackpool"]
[Date "1988.08.04"]
[Round "4.7"]
[White "Pein, Malcolm"]
[Black "Hodgson, Julian M"]
[Result "0-1"]
[WhiteElo "2410"]
[BlackElo "2525"]
[PlyCount "62"]
[EventDate "1988.08.01"]
[EventType "swiss"]
[EventRounds "11"]
[EventCountry "GBR"]
[SourceTitle "BritBase12Sep20"]
[Source "John Saunders"]
[SourceDate "2020.09.12"]
[SourceVersion "1"]
[SourceVersionDate "2020.09.12"]
[SourceQuality "1"]

1. d4 d6 2. e4 Nf6 3. Nc3 c6 4. f4 Qa5 5. Bd3 e5 6. dxe5 dxe5 7. f5 b5 8. Qf3
Nbd7 9. Nge2 Ba6 10. O-O Nc5 11. Bg5 b4 12. Bxf6 Nxd3 13. cxd3 bxc3 14. Bh4
cxb2 15. Rab1 Qxa2 16. Rfd1 Bc5+ 17. Kh1 O-O 18. f6 Rfd8 19. Qg3 g6 20. Qxe5
Bxd3 21. Rxb2 Bxe2 22. Re1 Qc4 23. Rbxe2 a5 24. Qg5 a4 25. e5 Qe6 26. Bf2 Bf8
27. Rc2 Rd5 28. Qc1 Rxe5 29. Rxc6 Rxe1+ 30. Bxe1 Qf5 31. Bc3 Rb8 0-1

[Event "GBR-ch75"]
[Site "Blackpool"]
[Date "1988.08.04"]
[Round "4.8"]
[White "King, Daniel J"]
[Black "McNab, Colin Anderson"]
[Result "0-1"]
[WhiteElo "2520"]
[BlackElo "2410"]
[PlyCount "126"]
[EventDate "1988.08.01"]
[EventType "swiss"]
[EventRounds "11"]
[EventCountry "GBR"]
[SourceTitle "BritBase12Sep20"]
[Source "John Saunders"]
[SourceDate "2020.09.12"]
[SourceVersion "1"]
[SourceVersionDate "2020.09.12"]
[SourceQuality "1"]

1. e4 g6 2. d4 d6 3. c3 Nf6 4. Bd3 Bg7 5. f4 e5 6. Nf3 exf4 7. Bxf4 O-O 8. Nbd2
c5 9. d5 Nh5 10. Bg5 f6 11. Be3 f5 12. exf5 Re8 13. Kf2 Nf6 14. Bg5 Bxf5 15.
Bxf5 gxf5 16. Qc2 Ng4+ 17. Kg1 Qd7 18. h3 Nf6 19. Bxf6 Bxf6 20. Kh2 Qf7 21. Qd3
Nd7 22. Rhf1 Qg6 23. Nc4 b5 24. Ne3 f4 25. Qxg6+ hxg6 26. Ng4 Re2 27. Rae1 Rae8
28. Rxe2 Rxe2 29. Rf2 Rxf2 30. Nxf2 Nb6 31. Ne4 Be7 32. h4 Nxd5 33. Kh3 Ne3 34.
Ne1 d5 35. Nf2 c4 36. Nf3 b4 37. Nd4 Bf6 38. Ne2 Be5 39. Ng4 Nxg4 40. Kxg4 a5
41. cxb4 axb4 42. Nxf4 Bxb2 43. Nxd5 b3 44. axb3 cxb3 45. Ne3 Kf7 46. h5 gxh5+
47. Kxh5 Ke6 48. Kg4 Bc1 49. Nd1 Kd5 50. Kf3 Kd4 51. Ke2 Kc4 52. g4 Kd4 53. g5
Bxg5 54. Nb2 Kc3 55. Na4+ Kb4 56. Nb2 Bc1 57. Nd3+ Kc4 58. Ne5+ Kc3 59. Nd3 Ba3
60. Ke3 Kc2 61. Ke2 Bc5 62. Ne1+ Kc3 63. Nd3 Bd4 {n.b. this game is wrong on
Big/Mega Database 2020, where it shows the colours as McNab-King. In fact,
McNab won with Black} 0-1

[Event "GBR-ch75"]
[Site "Blackpool"]
[Date "1988.08.04"]
[Round "4.10"]
[White "Conquest, Stuart"]
[Black "Crawley, Gavin"]
[Result "1-0"]
[WhiteElo "2490"]
[BlackElo "2380"]
[PlyCount "63"]
[EventDate "1988.08.01"]
[EventType "swiss"]
[EventRounds "11"]
[EventCountry "GBR"]
[SourceTitle "BritBase12Sep20"]
[Source "John Saunders"]
[SourceDate "2020.09.12"]
[SourceVersion "1"]
[SourceVersionDate "2020.09.12"]
[SourceQuality "1"]

1. d4 Nf6 2. c4 e6 3. Nc3 Bb4 4. e3 b6 5. Nge2 Ne4 6. Qc2 Bb7 7. a3 Bxc3+ 8.
Nxc3 Nxc3 9. Qxc3 O-O 10. b4 d6 11. Bb2 Nd7 12. c5 bxc5 13. dxc5 Nf6 14. Rd1 e5
15. c6 Bc8 16. Bd3 Ng4 17. h3 Qh4 18. O-O Nf6 19. Qc2 Be6 20. f4 Nd5 21. Bc1
exf4 22. exf4 Rae8 23. Be4 Nb6 24. Bf3 Bc4 25. Rf2 Re7 26. a4 Rfe8 27. a5 Re1+
28. Rxe1 Rxe1+ 29. Kh2 Bd3 30. Qd2 Rxc1 31. axb6 axb6 32. g3 1-0

[Event "GBR-ch75"]
[Site "Blackpool"]
[Date "1988.08.04"]
[Round "4.11"]
[White "Hebden, Mark L"]
[Black "Bellin, Robert"]
[Result "0-1"]
[WhiteElo "2460"]
[BlackElo "2370"]
[PlyCount "86"]
[EventDate "1988.08.01"]
[EventType "swiss"]
[EventRounds "11"]
[EventCountry "GBR"]
[SourceTitle "BritBase12Sep20"]
[Source "John Saunders"]
[SourceDate "2020.09.12"]
[SourceVersion "1"]
[SourceVersionDate "2020.09.12"]
[SourceQuality "1"]

1. d4 f5 2. Nf3 e6 3. g3 Nf6 4. Bg2 Be7 5. O-O O-O 6. c4 c6 7. b3 a5 8. Ba3
Bxa3 9. Nxa3 Qe7 10. Nc2 d6 11. Qc1 e5 12. dxe5 dxe5 13. Qa3 c5 14. Rad1 Nc6
15. Ne3 e4 16. Nh4 Qe5 17. Nd5 Nxd5 18. Rxd5 Qe7 19. f4 exf3 20. Rxf3 Nb4 21.
Nxf5 Qc7 22. Qb2 Nxd5 23. Nh6+ gxh6 24. Rxf8+ Kxf8 25. Qh8+ Ke7 26. Qxh7+ Kd8
27. Qh8+ Kd7 28. cxd5 Qd8 29. Qxh6 Qe7 30. e4 Qe5 31. Qf8 Kc7 32. Qxc5+ Kb8 33.
Bf1 Qxe4 34. h4 Qe5 35. Kh2 Qb2+ 36. Kg1 Qe5 37. Kh2 Qc7 38. Qf8 b6 39. d6 Qc2+
40. Bg2 Ra7 41. g4 Qe2 42. g5 Qe5+ 43. Kg1 Qe1+ 0-1

[Event "GBR-ch75"]
[Site "Blackpool"]
[Date "1988.08.04"]
[Round "4.12"]
[White "Hennigan, Michael"]
[Black "Motwani, Paul"]
[Result "0-1"]
[WhiteElo "2295"]
[BlackElo "2455"]
[PlyCount "102"]
[EventDate "1988.08.01"]
[EventType "swiss"]
[EventRounds "11"]
[EventCountry "GBR"]
[SourceTitle "BritBase12Sep20"]
[Source "John Saunders"]
[SourceDate "2020.09.12"]
[SourceVersion "1"]
[SourceVersionDate "2020.09.12"]
[SourceQuality "1"]

1. e4 e5 2. Nf3 Nc6 3. Bb5 a6 4. Ba4 Nf6 5. O-O Be7 6. Re1 b5 7. Bb3 O-O 8. c3
d5 9. exd5 Nxd5 10. Nxe5 Nxe5 11. Rxe5 c6 12. d3 Bd6 13. Re1 Qh4 14. g3 Qh3 15.
Re4 Qf5 16. Bc2 Qg6 17. d4 Bf5 18. Re2 Rae8 19. Bxf5 Qxf5 20. Qe1 Nf6 21. Be3
Re6 22. Nd2 Rfe8 23. Qb1 Qh5 24. Qd3 c5 25. Nf1 cxd4 26. cxd4 Nd5 27. Ree1 Qg4
28. Bd2 Rxe1 29. Rxe1 Rxe1 30. Bxe1 Nf4 31. Qe3 Ne2+ 32. Kg2 Nf4+ 33. Kh1 Qh3
34. Qe8+ Bf8 35. Ne3 Nd3 36. Bd2 Nxf2+ 37. Kg1 Ng4 38. Nf1 Nf6 39. Qa8 Qg4 40.
Bf4 Qe6 41. b3 Nd5 42. Kf2 g5 43. Bd2 Qf6+ 44. Ke2 Qxd4 45. Qxa6 Qg4+ 46. Ke1
Qe4+ 47. Kd1 Qf3+ 48. Ke1 Nb4 49. Bxb4 Bxb4+ 50. Nd2 Qe3+ 51. Kf1 Qd3+ 0-1

[Event "GBR-ch75"]
[Site "Blackpool"]
[Date "1988.08.04"]
[Round "4.13"]
[White "Plaskett, H James"]
[Black "Muir, Andrew Joseph"]
[Result "1-0"]
[WhiteElo "2450"]
[BlackElo "2240"]
[PlyCount "79"]
[EventDate "1988.08.01"]
[EventType "swiss"]
[EventRounds "11"]
[EventCountry "GBR"]
[SourceTitle "BritBase12Sep20"]
[Source "John Saunders"]
[SourceDate "2020.09.12"]
[SourceVersion "1"]
[SourceVersionDate "2020.09.12"]
[SourceQuality "1"]

1. e4 d5 2. Nc3 e6 3. Nf3 Nf6 4. d3 dxe4 5. Nxe4 Nxe4 6. dxe4 Qxd1+ 7. Kxd1 Bc5
8. Ke2 b6 9. Be3 Ba6+ 10. Kd2 Bxf1 11. Rhxf1 Bxe3+ 12. Kxe3 Nc6 13. c3 e5 14.
Rfd1 Ke7 15. Rd5 f6 16. Rad1 Rad8 17. b4 Nb8 18. h4 h5 19. Nxe5 fxe5 20. Rxe5+
Kf6 21. Rxh5 Rxd1 22. Rxh8 Nc6 23. Rf8+ Ke6 24. Rc8 Rd7 25. f4 a5 26. a3 Ne7
27. f5+ Kf7 28. Ra8 Nc6 29. g4 axb4 30. axb4 Ne5 31. g5 c5 32. bxc5 bxc5 33.
g6+ Ke7 34. h5 Ng4+ 35. Kf4 Nf6 36. e5 Nd5+ 37. Kg5 Nxc3 38. f6+ gxf6+ 39.
exf6+ Ke6 40. Re8+ 1-0

[Event "GBR-ch75"]
[Site "Blackpool"]
[Date "1988.08.04"]
[Round "4.15"]
[White "Kosten, Anthony C"]
[Black "Hempson, Peter W"]
[Result "1-0"]
[WhiteElo "2510"]
[BlackElo "2225"]
[PlyCount "133"]
[EventDate "1988.08.01"]
[EventType "swiss"]
[EventRounds "11"]
[EventCountry "GBR"]
[SourceTitle "BritBase12Sep20"]
[Source "John Saunders"]
[SourceDate "2020.09.12"]
[SourceVersion "1"]
[SourceVersionDate "2020.09.12"]
[SourceQuality "1"]

1. e4 e6 2. d4 d5 3. Nd2 c5 4. exd5 Qxd5 5. Ngf3 cxd4 6. Bc4 Qd8 7. O-O Nf6 8.
Nb3 Be7 9. Qe2 O-O 10. Nbxd4 a6 11. Bf4 Qb6 12. Bb3 Nc6 13. Nxc6 Qxc6 14. Rfe1
Nd5 15. Bg3 Bf6 16. c4 Ne7 17. Rad1 Nf5 18. Be5 Be7 19. Bc3 b6 20. Bc2 Ra7 21.
Ne5 Qc7 22. Rd3 f6 23. Ng4 Qxc4 24. Bb3 Qc6 25. Ne3 Nxe3 26. Rxe3 Bc5 27. Bxe6+
Bxe6 28. Rxe6 Qd5 29. b4 Bd6 30. Rd1 Qc6 31. Rexd6 Qxc3 32. Qe6+ Kh8 33. Rxb6
h6 34. h3 Raa8 35. Qe1 Qc4 36. Qe6 Qc2 37. Qd5 Rad8 38. Rd6 Rxd6 39. Qxd6 Re8
40. Qd2 Qc4 41. a3 f5 42. Re1 Rxe1+ 43. Qxe1 Qb3 44. Qe3 Qb1+ 45. Kh2 Qb2 46.
g3 Kh7 47. Kg2 Qa2 48. Qf3 Qc2 49. Qb7 Qa4 50. Qf3 g6 51. Qb7+ Kg8 52. Qc8+ Kf7
53. Qc4+ Kg7 54. Qc3+ Kf7 55. h4 h5 56. Kf3 Qd1+ 57. Ke3 Qa4 58. Qc7+ Ke6 59.
Kf4 Qxa3 60. Qb6+ Kf7 61. Kg5 Qc1+ 62. f4 Qc3 63. Qxg6+ Ke7 64. Kxh5 Qxb4 65.
Qxa6 Qb3 66. Qg6 Qf3+ 67. Kh6 1-0

[Event "GBR-ch75"]
[Site "Blackpool"]
[Date "1988.08.04"]
[Round "4.16"]
[White "Morrison, Graham"]
[Black "Adams, Michael"]
[Result "0-1"]
[WhiteElo "2325"]
[BlackElo "2460"]
[PlyCount "74"]
[EventDate "1988.08.01"]
[EventType "swiss"]
[EventRounds "11"]
[EventCountry "GBR"]
[SourceTitle "BritBase12Sep20"]
[Source "John Saunders"]
[SourceDate "2020.09.12"]
[SourceVersion "1"]
[SourceVersionDate "2020.09.12"]
[SourceQuality "1"]

1. e4 c6 2. d4 d5 3. Nd2 dxe4 4. Nxe4 Nd7 5. Nf3 Ngf6 6. Ng3 e6 7. Bd3 Be7 8.
O-O O-O 9. Qe2 c5 10. Rd1 Qc7 11. c4 Re8 12. b3 b6 13. Bb2 Bb7 14. dxc5 bxc5
15. Ne5 Nf8 16. Ne4 h6 17. Nxf6+ Bxf6 18. Be4 Bxe4 19. Qxe4 Red8 20. g3 Rab8
21. Rd3 Rxd3 22. Nxd3 Bxb2 23. Nxb2 f5 24. Qe3 e5 25. Rd1 Ne6 26. Rd5 Nd4 27.
Na4 Rd8 28. Rxd8+ Qxd8 29. Nxc5 Qa8 30. Nd7 Nf3+ 31. Kf1 Nxh2+ 32. Ke2 Qh1 33.
Nxe5 Qf1+ 34. Kd2 Qa1 35. Qc3 Qxa2+ 36. Qc2 Qa5+ 37. Qc3 Qxe5 0-1

[Event "GBR-ch75"]
[Site "Blackpool"]
[Date "1988.08.04"]
[Round "4.17"]
[White "Mortazavi, Ali"]
[Black "Gallagher, Joseph G"]
[Result "1-0"]
[WhiteElo "2290"]
[BlackElo "2445"]
[PlyCount "74"]
[EventDate "1988.08.01"]
[EventType "swiss"]
[EventRounds "11"]
[EventCountry "GBR"]
[SourceTitle "BritBase12Sep20"]
[Source "John Saunders"]
[SourceDate "2020.09.12"]
[SourceVersion "1"]
[SourceVersionDate "2020.09.12"]
[SourceQuality "1"]

1. d4 Nf6 2. c4 d6 3. Nc3 Nbd7 4. e4 e5 5. d5 Be7 6. Bd3 O-O 7. Nge2 Ne8 8. Bc2
g6 9. Bh6 Ng7 10. Qd2 Nf6 11. h3 Kh8 12. O-O Ng8 13. Be3 Bd7 14. Rab1 f5 15.
exf5 Nxf5 16. Ng3 a6 17. Nxf5 Bxf5 18. Bxf5 gxf5 19. f4 b6 20. Ne2 Qd7 21. Qc2
a5 22. Bd2 Rae8 23. Bc3 Bf6 24. fxe5 Bxe5 25. Nd4 Nh6 26. Rbe1 Rf6 27. Ne6
Rexe6 28. dxe6 Qxe6 29. c5 Nf7 30. cxb6 cxb6 31. Qf2 b5 32. Bxa5 Qxa2 33. Bc3
b4 34. Bxe5 Nxe5 35. Qh4 Kg7 36. Qg5+ Rg6 37. Qxf5 Qa7+ 1-0

[Event "GBR-ch75"]
[Site "Blackpool"]
[Date "1988.08.04"]
[Round "4.19"]
[White "Pritchett, Craig William"]
[Black "Large, Peter G"]
[Result "1-0"]
[WhiteElo "2400"]
[BlackElo "2360"]
[PlyCount "97"]
[EventDate "1988.08.01"]
[EventType "swiss"]
[EventRounds "11"]
[EventCountry "GBR"]
[SourceTitle "BritBase12Sep20"]
[Source "John Saunders"]
[SourceDate "2020.09.12"]
[SourceVersion "1"]
[SourceVersionDate "2020.09.12"]
[SourceQuality "1"]

1. e4 c5 2. Nf3 d6 3. d4 cxd4 4. Nxd4 Nf6 5. Nc3 Nc6 6. Be2 g6 7. O-O Bg7 8.
Nb3 O-O 9. Bg5 Be6 10. Kh1 a5 11. a4 Rc8 12. f4 Nb4 13. Nd4 Bc4 14. Ndb5 Qb6
15. Bxc4 Rxc4 16. Qe2 Rfc8 17. Rad1 Qc5 18. Rd2 d5 19. Bxf6 Bxf6 20. exd5 Bxc3
21. Nxc3 Rxc3 22. bxc3 Nxd5 23. Qe5 e6 24. f5 gxf5 25. Rd3 f4 26. Qg5+ Kf8 27.
Rxf4 Nxf4 28. Rd8+ Rxd8 29. Qxc5+ Ke8 30. h3 Rd7 31. Kh2 Nd5 32. c4 Nc7 33.
Qxa5 Na6 34. Qg5 Rc7 35. Qb5+ Ke7 36. Qe5 f6 37. Qf4 e5 38. Qh4 Ke6 39. Qg4+
Ke7 40. Qf5 Nc5 41. Qf3 Ke6 42. Qd5+ Ke7 43. a5 Ne6 44. Qd3 Nf8 45. Qe4 Kd6 46.
Qd5+ Ke7 47. c5 Nd7 48. Qd6+ Kd8 49. a6 1-0

[Event "GBR-ch75"]
[Site "Blackpool"]
[Date "1988.08.04"]
[Round "4.23"]
[White "Littlewood, John Eric"]
[Black "Bellin, Jana"]
[Result "1/2-1/2"]
[WhiteElo "2370"]
[BlackElo "2300"]
[PlyCount "63"]
[EventDate "1988.08.01"]
[EventType "swiss"]
[EventRounds "11"]
[EventCountry "GBR"]
[SourceTitle "BritBase12Sep20"]
[Source "John Saunders"]
[SourceDate "2020.09.12"]
[SourceVersion "1"]
[SourceVersionDate "2020.09.12"]
[SourceQuality "1"]

1. e4 c5 2. Nc3 Nc6 3. g3 g6 4. Bg2 Bg7 5. d3 d6 6. f4 e5 7. Nf3 Nge7 8. O-O
O-O 9. Be3 Nd4 10. Nh4 exf4 11. Bxf4 h6 12. Be3 Be6 13. Qd2 Kh7 14. Nd1 Ndc6
15. c3 Ne5 16. Nf2 Rc8 17. b3 d5 18. d4 cxd4 19. cxd4 N5c6 20. e5 f6 21. exf6
Rxf6 22. Nh3 Nf5 23. Nxf5 Bxf5 24. Nf4 Ne7 25. Nd3 Nc6 26. Nf2 Qd7 27. h3 g5
28. Rac1 Re8 29. Kh2 Rfe6 30. Nd1 Be4 31. Bf3 Qe7 32. Bf2 1/2-1/2

[Event "GBR-ch75"]
[Site "Blackpool"]
[Date "1988.08.04"]
[Round "4.24"]
[White "McDonald, Neil R"]
[Black "Carr, Neil L"]
[Result "0-1"]
[WhiteElo "2360"]
[BlackElo "2290"]
[PlyCount "72"]
[EventDate "1988.08.01"]
[EventType "swiss"]
[EventRounds "11"]
[EventCountry "GBR"]
[SourceTitle "BritBase12Sep20"]
[Source "John Saunders"]
[SourceDate "2020.09.12"]
[SourceVersion "1"]
[SourceVersionDate "2020.09.12"]
[SourceQuality "1"]

1. Nf3 g6 2. g3 Bg7 3. c4 e5 4. Nc3 f5 5. d3 c6 6. Bg2 Qe7 7. e4 Nf6 8. exf5
gxf5 9. O-O O-O 10. Re1 d6 11. c5 Nbd7 12. d4 e4 13. Nh4 Nb8 14. Bf4 dxc5 15.
dxc5 Ne8 16. f3 Qxc5+ 17. Kh1 Qb6 18. Qc2 Nf6 19. Rad1 Na6 20. Be3 Qb4 21. fxe4
fxe4 22. a3 Qc4 23. b3 Qf7 24. Nxe4 Be6 25. Ng5 Bxb3 26. Qb1 Qc4 27. Rc1 Qa4
28. Rf1 h6 29. Rxf6 hxg5 30. Rg6 gxh4 31. Qb2 Rf7 32. Bd4 h3 33. Bxh3 Bd5+ 34.
Kg1 Kh7 35. Rg4 Qb3 36. Rxg7+ Rxg7 0-1

[Event "GBR-ch75"]
[Site "Blackpool"]
[Date "1988.08.04"]
[Round "4.28"]
[White "Cooper, Lawrence"]
[Black "Burgess, Graham"]
[Result "1/2-1/2"]
[WhiteElo "2335"]
[BlackElo "2250"]
[PlyCount "49"]
[EventDate "1988.08.01"]
[EventType "swiss"]
[EventRounds "11"]
[EventCountry "GBR"]
[SourceTitle "BritBase12Sep20"]
[Source "John Saunders"]
[SourceDate "2020.09.12"]
[SourceVersion "1"]
[SourceVersionDate "2020.09.12"]
[SourceQuality "1"]

1. g3 g6 2. Bg2 Bg7 3. e4 d6 4. Ne2 Nf6 5. c4 O-O 6. Nbc3 a6 7. O-O Nc6 8. d3
Rb8 9. f4 Qe8 10. h3 b5 11. g4 bxc4 12. dxc4 Bb7 13. Be3 Kh8 14. Rc1 e6 15. Ng3
Nd7 16. Qd2 f5 17. exf5 gxf5 18. g5 Ne7 19. b3 Ng6 20. Bxb7 Rxb7 21. Nh5 e5 22.
Nxg7 Kxg7 23. Rce1 h6 24. Qg2 Rb8 25. gxh6+ 1/2-1/2

[Event "GBR-ch75"]
[Site "Blackpool"]
[Date "1988.08.04"]
[Round "4.29"]
[White "Coleman, David J"]
[Black "Ward, Christopher"]
[Result "1-0"]
[WhiteElo "2240"]
[BlackElo "2325"]
[PlyCount "55"]
[EventDate "1988.08.01"]
[EventType "swiss"]
[EventRounds "11"]
[EventCountry "GBR"]
[SourceTitle "BritBase12Sep20"]
[Source "John Saunders"]
[SourceDate "2020.09.12"]
[SourceVersion "1"]
[SourceVersionDate "2020.09.12"]
[SourceQuality "1"]

1. e4 c5 2. Nf3 d6 3. d4 cxd4 4. Nxd4 Nf6 5. Nc3 g6 6. Be3 Bg7 7. f3 O-O 8. Qd2
Nc6 9. Bc4 Bd7 10. h4 Qa5 11. O-O-O Ne5 12. Bb3 Rfc8 13. g4 Nc4 14. Bxc4 Rxc4
15. h5 Rac8 16. Nb3 Qa6 17. hxg6 fxg6 18. Bd4 Be6 19. Kb1 b5 20. Nd5 Nxd5 21.
exd5 Rxd4 22. Nxd4 Bxd5 23. a3 Bf7 24. Qe2 Qb7 25. Ne6 Bf6 26. g5 Bh8 27. Rxh7
Be5 28. Qxe5 1-0

[Event "GBR-ch75"]
[Site "Blackpool"]
[Date "1988.08.05"]
[Round "5.1"]
[White "Mestel, A Jonathan"]
[Black "Chandler, Murray G"]
[Result "0-1"]
[WhiteElo "2510"]
[BlackElo "2605"]
[PlyCount "108"]
[EventDate "1988.08.01"]
[EventType "swiss"]
[EventRounds "11"]
[EventCountry "GBR"]
[SourceTitle "BritBase12Sep20"]
[Source "John Saunders"]
[SourceDate "2020.09.12"]
[SourceVersion "1"]
[SourceVersionDate "2020.09.12"]
[SourceQuality "1"]

1. e4 c5 2. Nf3 e6 3. d4 cxd4 4. Nxd4 Nf6 5. Nc3 Nc6 6. Nxc6 bxc6 7. e5 Nd5 8.
Ne4 Qc7 9. f4 Qb6 10. c4 Bb4+ 11. Ke2 f5 12. Nf2 Ba6 13. Kf3 Ne7 14. Be3 Bc5
15. Bxc5 Qxc5 16. Qd6 Qb6 17. b4 c5 18. Qxb6 axb6 19. bxc5 bxc5 20. Rb1 Nc6 21.
Ke3 Na5 22. Rc1 Ke7 23. g4 Rab8 24. gxf5 exf5 25. Rc3 Rb4 26. Rg1 g6 27. Nd3
Rxc4 28. Ra3 Re4+ 29. Kf3 Bb7 30. Kf2 Nc4 31. Ra7 Ra8 32. Rxa8 Bxa8 33. Bg2 Rd4
34. Ke2 Bxg2 35. Rxg2 d6 36. exd6+ Kxd6 37. Rg3 Kd5 38. Rh3 Re4+ 39. Kf2 Kd4
40. a4 Ne3 41. Ke2 Nd5+ 42. Kd2 c4 43. Nc1 c3+ 44. Kc2 Kc4 45. Rxh7 Rxf4 46.
Rb7 Rf2+ 47. Kb1 f4 48. a5 f3 49. a6 Rb2+ 50. Rxb2 cxb2 51. Kxb2 f2 52. a7 Nc7
53. Nb3 Kd3 54. Nc5+ Ke3 0-1

[Event "GBR-ch75"]
[Site "Blackpool"]
[Date "1988.08.05"]
[Round "5.2"]
[White "Murshed, Niaz"]
[Black "Conquest, Stuart"]
[Result "1-0"]
[WhiteElo "2475"]
[BlackElo "2490"]
[PlyCount "53"]
[EventDate "1988.08.01"]
[EventType "swiss"]
[EventRounds "11"]
[EventCountry "GBR"]
[SourceTitle "BritBase12Sep20"]
[Source "John Saunders"]
[SourceDate "2020.09.12"]
[SourceVersion "1"]
[SourceVersionDate "2020.09.12"]
[SourceQuality "1"]

1. d4 Nf6 2. Nf3 g6 3. c4 Bg7 4. Nc3 d5 5. Bg5 Ne4 6. cxd5 Nxg5 7. Nxg5 e6 8.
Qd2 exd5 9. Qe3+ Kf8 10. Qf4 Bf6 11. h4 Kg7 12. e4 dxe4 13. Bc4 Qxd4 14. h5 h6
15. Qxc7 Bd7 16. Rd1 Rc8 17. Qxc8 Qxd1+ 18. Nxd1 Bxc8 19. Nxf7 gxh5 20. Nd6 Nc6
21. Ne8+ Kg6 22. Nxf6 Kxf6 23. Rxh5 Kg6 24. Rb5 Ne7 25. Ne3 Rb8 26. Re5 Nf5 27.
Re8 1-0

[Event "GBR-ch75"]
[Site "Blackpool"]
[Date "1988.08.05"]
[Round "5.4"]
[White "Hodgson, Julian M"]
[Black "McNab, Colin Anderson"]
[Result "1-0"]
[WhiteElo "2525"]
[BlackElo "2410"]
[PlyCount "81"]
[EventDate "1988.08.01"]
[EventType "swiss"]
[EventRounds "11"]
[EventCountry "GBR"]
[SourceTitle "BritBase12Sep20"]
[Source "John Saunders"]
[SourceDate "2020.09.12"]
[SourceVersion "1"]
[SourceVersionDate "2020.09.12"]
[SourceQuality "1"]

1. e4 g6 2. d4 d6 3. Nc3 Bg7 4. Be3 a6 5. a4 Nf6 6. h3 O-O 7. Nf3 d5 8. e5 Ne4
9. Nxe4 dxe4 10. Ng5 c5 11. dxc5 Qc7 12. Bc4 Nc6 13. e6 f5 14. O-O f4 15. Bc1
Qe5 16. h4 h6 17. Nh3 Nd4 18. c3 Nxe6 19. Nxf4 Rxf4 20. Bxf4 Qxf4 21. Qd8+ Kh7
22. Qxe7 Qf8 23. Qxf8 Bxf8 24. Rfe1 Nxc5 25. b4 Nd7 26. Rxe4 Nf6 27. Rd4 Bf5
28. Re1 Rc8 29. Re3 Kg7 30. Be2 h5 31. Rc4 Nd5 32. Rxc8 Bxc8 33. Re8 Bf5 34.
Rb8 Nxc3 35. Rxb7+ Kf6 36. Bc4 Ke5 37. a5 Nd5 38. b5 axb5 39. Rxb5 Be6 40. Bxd5
Bxd5 41. a6 1-0

[Event "GBR-ch75"]
[Site "Blackpool"]
[Date "1988.08.05"]
[Round "5.5"]
[White "Watson, William N"]
[Black "Kwiatkowski, Feliks J"]
[Result "1-0"]
[WhiteElo "2500"]
[BlackElo "2240"]
[PlyCount "57"]
[EventDate "1988.08.01"]
[EventType "swiss"]
[EventRounds "11"]
[EventCountry "GBR"]
[SourceTitle "BritBase12Sep20"]
[Source "John Saunders"]
[SourceDate "2020.09.12"]
[SourceVersion "1"]
[SourceVersionDate "2020.09.12"]
[SourceQuality "1"]

1. e4 c5 2. Nf3 Nc6 3. d4 cxd4 4. Nxd4 Nf6 5. Nc3 e5 6. Ndb5 d6 7. Nd5 Nxd5 8.
exd5 Nb8 9. c4 a6 10. Nc3 Be7 11. Bd3 O-O 12. O-O f5 13. f3 Bg5 14. Kh1 Nd7 15.
b4 b6 16. Na4 Bb7 17. Qb3 Rb8 18. Ba3 Kh8 19. Rad1 g6 20. c5 bxc5 21. bxc5 Bc6
22. dxc6 Rxb3 23. axb3 Nb8 24. f4 Bf6 25. Bc4 Nxc6 26. Rxd6 Qc7 27. Nb6 Nb8 28.
Nd5 Qg7 29. Bb2 1-0

[Event "GBR-ch75"]
[Site "Blackpool"]
[Date "1988.08.05"]
[Round "5.6"]
[White "Flear, Glenn C"]
[Black "Cooper, John G"]
[Result "1-0"]
[WhiteElo "2470"]
[BlackElo "2380"]
[PlyCount "63"]
[EventDate "1988.08.01"]
[EventType "swiss"]
[EventRounds "11"]
[EventCountry "GBR"]
[SourceTitle "BritBase12Sep20"]
[Source "John Saunders"]
[SourceDate "2020.09.12"]
[SourceVersion "1"]
[SourceVersionDate "2020.09.12"]
[SourceQuality "1"]

1. d4 d5 2. c4 e6 3. Nc3 c5 4. cxd5 exd5 5. Nf3 Nc6 6. g3 Nf6 7. Bg2 Be7 8. O-O
O-O 9. Bg5 cxd4 10. Nxd4 Re8 11. Qa4 Bd7 12. Rad1 h6 13. Bf4 Bc5 14. Nxc6 bxc6
15. e4 d4 16. e5 Nd5 17. Nxd5 cxd5 18. Qc2 Rc8 19. Bxd5 Bg4 20. Qg6 Qxd5 21.
Qxg4 Rc6 22. Rd2 Bb6 23. a3 g5 24. h4 Rg6 25. hxg5 hxg5 26. Be3 Rxe5 27. Bxd4
Rh6 28. f3 Rhe6 29. Kh1 Re2 30. Rxe2 Rxe2 31. Bf6 Qd2 32. Qh3 1-0

[Event "GBR-ch75"]
[Site "Blackpool"]
[Date "1988.08.05"]
[Round "5.7"]
[White "Bellin, Robert"]
[Black "Norwood, David"]
[Result "1/2-1/2"]
[WhiteElo "2370"]
[BlackElo "2470"]
[PlyCount "21"]
[EventDate "1988.08.01"]
[EventType "swiss"]
[EventRounds "11"]
[EventCountry "GBR"]
[SourceTitle "BritBase12Sep20"]
[Source "John Saunders"]
[SourceDate "2020.09.12"]
[SourceVersion "1"]
[SourceVersionDate "2020.09.12"]
[SourceQuality "1"]

1. e4 g6 2. d4 Bg7 3. Nc3 d6 4. Nf3 Nf6 5. h3 O-O 6. Be3 c6 7. a4 a5 8. Be2
Nbd7 9. O-O Qc7 10. Qd2 e5 11. dxe5 1/2-1/2